书目信息 |
| 题名: |
我,遇见我
|
|
| 作者: | 刘语熙 著 | |
| 分册: | ||
| 出版信息: | 武汉 湖北科学技术出版社 2014 |
|
| 页数: | 240页 | |
| 开本: | 23cm | |
| 丛书名: | ||
| 单 册: | ||
| 中图分类: | K825.42 | |
| 科图分类: | ||
| 主题词: | ||
| 电子资源: | ||
| ISBN: | 978-7-5352-6993-5 | |
| 000 | 00912nam0 2200229 450 | |
| 001 | 012001005104 | |
| 005 | 20141007150205.0 | |
| 010 | @a978-7-5352-6993-5@dCNY45.00 | |
| 100 | @a20141109d2014 em y0chiy0110 ea | |
| 101 | 0 | @achi |
| 102 | @aCN@b420000 | |
| 105 | @aa z 000ya | |
| 106 | @ar | |
| 200 | 1 | @a我,遇见我@9wo , yu jian wo@f刘语熙著 |
| 210 | @a武汉@c湖北科学技术出版社@d2014 | |
| 215 | @a240页@c照片@d23cm | |
| 330 | @a在书中,你可以遇见逐渐成长的她,遇见世界杯期间“爆红”的她,遇见刚做NBA节目时忐忑的她,遇见刚到电视台实习兴奋得不已的她,遇见至亲离世时悲伤的她,遇见刚到韩国留学时对什么都感到新奇的她,遇见青春期叛逆的她,遇见了七岁第一次拿着话筒时一脸羞红的她......她的青春同你我的一样,有坚定也有迷茫,有奋斗也有懈怠,有收获也有失去...... | |
| 600 | 0 | @a刘语熙@x自传 |
| 690 | @aK825.42@v5 | |
| 701 | 0 | @a刘语熙@9liu yu xi@4著 |
| 801 | 0 | @aCN@b上海新华@c20180901 |
| 905 | @b1172644-8@dK825.42@e1216@f5 | |
| 我,遇见我/刘语熙著.-武汉:湖北科学技术出版社,2014 |
| 240页:照片;23cm |
| ISBN 978-7-5352-6993-5:CNY45.00 |
| 在书中,你可以遇见逐渐成长的她,遇见世界杯期间“爆红”的她,遇见刚做NBA节目时忐忑的她,遇见刚到电视台实习兴奋得不已的她,遇见至亲离世时悲伤的她,遇见刚到韩国留学时对什么都感到新奇的她,遇见青春期叛逆的她,遇见了七岁第一次拿着话筒时一脸羞红的她......她的青春同你我的一样,有坚定也有迷茫,有奋斗也有懈怠,有收获也有失去...... |
| ● |
| 相关链接 |
|
|
|
|
正题名:我,遇见我
索取号:K825.42/1216
 
预约/预借
| 序号 | 登录号 | 条形码 | 馆藏地/架位号 | 状态 | 备注 |
| 1 | 1172644 | 211726444 | 第二样本阅览室/ [索取号:K825.42/1216] | 在馆 | |
| 2 | 1172645 | 211726453 | 第二借阅区/ [索取号:K825.42/1216] | 在馆 | |
| 3 | 1172646 | 211726462 | 第二借阅区/ [索取号:K825.42/1216] | 在馆 | |
| 4 | 1172647 | 211726471 | 第二借阅区/ [索取号:K825.42/1216] | 在馆 | |
| 5 | 1172648 | 211726480 | 史法系资料室/ [索取号:K825.42/1216] | 在馆 |